Manager
| Main Author: | |
|---|---|
| Format: | Book |
| Published: |
Pennsylvania :
Manson Crest Publishers ,
2003
|
| Series: | Careers with character
|
| Subjects: |
MARC
| LEADER | 00000cam a2200000 7i4500 | ||
|---|---|---|---|
| 001 | 0000016120 | ||
| 005 | 20080422.0 | ||
| 008 | 220408 | ||
| 020 | |a 1590843177 | ||
| 090 | 0 | 0 | |a 658 |b VIT |
| 100 | 1 | |a Vitale, Ann | |
| 245 | 1 | 0 | |a Manager |c By Ann Vitale |
| 260 | |a Pennsylvania : |b Manson Crest Publishers , |c 2003 | ||
| 440 | |a Careers with character | ||
| 650 | 0 | |a Executives |z United State |x Juvenile literature | |
| 650 | 0 | |a Management |x Vocational guidance |z United State |x Juvenile literature | |
| 999 | |a 0001012171 |b Book |c Adult Collection |e Perbadanan Perpustakaan Awam Johor | ||